00437 a2200109 4500020001500000082002000015100002700035245015000062260005500212300003300267650002700300 a0309094178 a354.7623421 TUR aTurnbull, Katherine F. aConference Proceeding 36 Performance Measures to Improve Transportation Systems Summary of the Scond National Conference /cKatherine F. Turnbull aWashington :bTransportation Research Board,c2005 aviii, 142p. :bill. ;c30 cm aTransportation Systems